书目信息 |
| 题名: |
人体结构与功能
|
|
| 作者: | 章皓 , 陶冬英 主编 | |
| 分册: | ||
| 出版信息: | 武汉 华中科技大学出版社 2015.8 |
|
| 页数: | 287页, [1] 叶图版 | |
| 开本: | 26cm | |
| 丛书名: | ||
| 单 册: | ||
| 中图分类: | Q983 | |
| 科图分类: | ||
| 主题词: | 人体结构--ren ti jie gou--高等学校--教材 | |
| 电子资源: | ||
| ISBN: | 978-7-5680-0850-1 | |
| 000 | 01112nam 2200265 450 | |
| 001 | 0100004155 | |
| 005 | 20151015113509.5 | |
| 010 | @a978-7-5680-0850-1@dCNY46.00 | |
| 100 | @a20150910d2015 em y0chiy0121 ea | |
| 101 | 0 | @achi |
| 102 | @aCN@b420000 | |
| 105 | @aafk a 000yy | |
| 106 | @ar | |
| 200 | 1 | @a人体结构与功能@Aren ti jie gou yu gong neng@f主编章皓, 陶冬英 |
| 210 | @a武汉@c华中科技大学出版社@d2015.8 | |
| 215 | @a287页, [1] 叶图版@c图 (部分彩图)@d26cm | |
| 320 | @a有书目 (第287页) | |
| 330 | @a本书是为康复、检验、营养、公卫、卫信、美容等医学技术类专业编纂的通适性医学基础教材, 内容涵盖系统解剖学、组织学及生理学的基础知识, 是医技专业学生的必修内容, 为培养学生在后续的专业学习实践中正确应用解剖、生理的基本理论知识和基本技能, 解决工作岗位工作中面临实际问题提供理论依据。 | |
| 333 | @a本书主要供检验、检疫、口腔、营养、康复、美容等专业使用, 也可供相关专业人员参考 | |
| 606 | 0 | @a人体结构@Aren ti jie gou@x高等学校@j教材 |
| 690 | @aQ983@v5 | |
| 701 | 0 | @a章皓@Azhang hao@4主编 |
| 701 | 0 | @a陶冬英@Atao dong ying@4主编 |
| 801 | 0 | @aCN@c20160515 |
| 905 | @a河南城建学院图书馆@dQ983@eZ265 | |
| 人体结构与功能/主编章皓, 陶冬英.-武汉:华中科技大学出版社,2015.8 |
| 287页, [1] 叶图版:图 (部分彩图);26cm |
| 使用对象:本书主要供检验、检疫、口腔、营养、康复、美容等专业使用, 也可供相关专业人员参考 |
| ISBN 978-7-5680-0850-1:CNY46.00 |
| 本书是为康复、检验、营养、公卫、卫信、美容等医学技术类专业编纂的通适性医学基础教材, 内容涵盖系统解剖学、组织学及生理学的基础知识, 是医技专业学生的必修内容, 为培养学生在后续的专业学习实践中正确应用解剖、生理的基本理论知识和基本技能, 解决工作岗位工作中面临实际问题提供理论依据。 |
| ● |
| 相关链接 |
|
|
|
正题名:人体结构与功能
索取号:Q983/Z265
 
预约/预借
| 序号 | 登录号 | 条形码 | 馆藏地/架位号 | 状态 | 备注 |
| 1 | 1251893 | 212518934 | 自科库401/401自科库 38排4列3层/ [索取号:Q983/Z265] | 在馆 | |
| 2 | 1251894 | 212518943 | 自科库401/401自科库 38排4列3层/ [索取号:Q983/Z265] | 在馆 | |
| 3 | 1251895 | 212518952 | 自科库401/401自科库 38排4列3层/ [索取号:Q983/Z265] | 在馆 |